书目信息 |
| 题名: |
工程心理学
|
|
| 作者: | 葛列众 主编 | |
| 分册: | ||
| 出版信息: | 北京 中国人民大学出版社 2012 |
|
| 页数: | 469页 | |
| 开本: | 26cm | |
| 丛书名: | ||
| 单 册: | ||
| 中图分类: | TB18 | |
| 科图分类: | ||
| 主题词: | 工程心理学--教材 | |
| 电子资源: | ||
| ISBN: | 978-7-300-13314-0 | |
| 000 | 00896nam0 2200253 450 | |
| 001 | 1575155372 | |
| 005 | 20150131205250.79 | |
| 010 | @a978-7-300-13314-0@dCNY49.80 | |
| 100 | @a20120417d2012 em y0chiy50 ea | |
| 101 | 0 | @achi |
| 102 | @aCN@b110000 | |
| 105 | @aa z 000yy | |
| 200 | 1 | @a工程心理学@9gong cheng xin li xue@f葛列众主编 |
| 210 | @a北京@c中国人民大学出版社@d2012 | |
| 215 | @a469页@c图@d26cm | |
| 300 | @a浙江省“十一五”重点教材建设项目 21世纪应用心理学系列教材 | |
| 312 | @a封面英文题名:Engineering psychology | |
| 330 | @a本书共分14章,内容包括:工程心理学的研究方法、人的信息加工、视觉显示器设计中的人因素、听觉显示器、控制器设计中的人因素、人-计算机界面等。 | |
| 510 | 1 | @aEngineering psychology@zeng |
| 606 | 0 | @a工程心理学@j教材 |
| 690 | @aTB18@v5 | |
| 701 | 0 | @a葛列众@9ge lie zhong@f(1956~)@4主编 |
| 801 | 0 | @aCN@bTSSF@c20150131 |
| 905 | @aZUCC@dTB18@eJY2 | |
| 工程心理学/葛列众主编.-北京:中国人民大学出版社,2012 |
| 469页:图;26cm |
| 浙江省“十一五”重点教材建设项目 21世纪应用心理学系列教材 |
| ISBN 978-7-300-13314-0:CNY49.80 |
| 本书共分14章,内容包括:工程心理学的研究方法、人的信息加工、视觉显示器设计中的人因素、听觉显示器、控制器设计中的人因素、人-计算机界面等。 |
| ● |
| 相关链接 |
|
|
|
|
正题名:工程心理学
索取号:TB18/JY2
 
预约/预借
| 序号 | 登录号 | 条形码 | 馆藏地/架位号 | 状态 | 备注 |
| 1 | 7857602 | 278576024 | 学院路分馆/ [索取号:TB18/JY2] | 在馆 |